000 00625nam a2200241 a 4500
001 nice12345678
003 IN_TiNIC
005 20260116011310.0
008 050524s1954 newa grp 000 0 eng
020 _a
_c126.5
082 0 0 _a296.38
_bCRO
100 _aCronbach, Abraham
245 _aJudaism for Today
_b Jewish Thoughts for Contemporary Jewish Youth
260 _aNew York
_bBookman Associates
_c1954
300 _a148p
500 _aincludes index and biblioraphy
505 2 _aindex
650 _aJudaism-Moral Theology
700 1 _aCronbach, Abraham
902 _bSRS
942 _cBK
999 _c285
_d285